Central Library OPAC University of Rajshahi

Comparative politics : (Record no. 4221)

MARC details
000 -LEADER
fixed length control field 00821cam a22002651 4500
001 - CONTROL NUMBER
control field 4221
003 - CONTROL NUMBER IDENTIFIER
rucl marc code BD-RjUL
005 - DATE AND TIME OF LATEST TRANSACTION
control field 20211208233844.0
008 - FIXED-LENGTH DATA ELEMENTS--GENERAL INFORMATION
fixed length control field 131222s1963 nyua b 000 0 eng
035 ## - SYSTEM CONTROL NUMBER
System control number (BD-RjUL)4256
040 ## - CATALOGING SOURCE
Original cataloging agency DLC
Transcribing agency DLC
Modifying agency DLC
-- BD-RjUL
Language of cataloging eng
041 ## - LANGUAGE CODE
Language code of text/sound track or separate title eng
082 00 - DEWEY DECIMAL CLASSIFICATION NUMBER
Classification number 320.82
Author mark and year ECC 1963
100 1# - MAIN ENTRY--PERSONAL NAME
Personal name Eckstein, Harry,
9 (RLIN) 13381
245 10 - TITLE STATEMENT
Title Comparative politics :
Remainder of title A reader /
Statement of responsibility, etc. Edited by Harry Eckstein and David E. Apter.
260 ## - PUBLICATION, DISTRIBUTION, ETC. (IMPRINT)
Place of publication, distribution, etc. New York :
Name of publisher, distributor, etc. Free Press of Glencoe,
Date of publication, distribution, etc. 1963.
300 ## - PHYSICAL DESCRIPTION
Pagination 746 p. :
Illustrations illus. ;
Size 26 cm.
504 ## - BIBLIOGRAPHY, ETC. NOTE
Bibliography, etc Includes bibliography.
650 #0 - SUBJECT ADDED ENTRY--TOPICAL TERM
Topical term or geographic name as entry element Political science.
9 (RLIN) 13382
Topical term or geographic name as entry element Comparative government.
9 (RLIN) 4478
700 1# - ADDED ENTRY--PERSONAL NAME
Personal name Apter, David E.
Fuller form of name (David Ernest),
Dates associated with a name 1924-2010,
Relator term joint ed.
942 ## - ADDED ENTRY ELEMENTS (KOHA)
Source of classification or shelving scheme Dewey Decimal Classification
Koha item type Books
Holdings
Lost status Source of classification or shelving scheme Damaged status Not for loan Collection code Permanent Location Current Location Shelving location Date acquired Source of acquisition Cost, normal purchase price Total Checkouts Full call number Date last seen Copy number Koha item type
  Dewey Decimal Classification     Non-fiction Central Library, University of Rajshahi Central Library, University of Rajshahi   25/11/1975 Johnathan wren & co. 7.25   320.82 ECC 1963 22/12/2013 C-5 Books
  Dewey Decimal Classification   Not For Loan Non-fiction Central Library, University of Rajshahi Central Library, University of Rajshahi   04/06/1977 W.U.S. 0.00   320.82 ECC 1963 27/07/2016 C-1 Books
  Dewey Decimal Classification     Non-fiction Central Library, University of Rajshahi Central Library, University of Rajshahi   04/06/1977 W.U.S. 0.00   320.82 ECC 1963 27/07/2016 C-2 Books
  Dewey Decimal Classification     Non-fiction Central Library, University of Rajshahi Central Library, University of Rajshahi   04/06/1977 Johnathan wren & co 725.00   320.82 ECC 1963 27/07/2016 C-3 Books
  Dewey Decimal Classification     Non-fiction Central Library, University of Rajshahi Central Library, University of Rajshahi   25/11/1975 Johnathan wren & co 725.00   320.82 ECC 1963 27/07/2016 C-4 Books
  Dewey Decimal Classification     Non-fiction Central Library, University of Rajshahi Central Library, University of Rajshahi   25/11/1975 Johnathan wren & co 725.00   320.82 ECC 1963 27/07/2016 C-6 Books
  Dewey Decimal Classification     Non-fiction Central Library, University of Rajshahi Central Library, University of Rajshahi   25/11/1975 Johnathan wren & co 725.00   320.82 ECC 1963 27/07/2016 C-7 Books
  Dewey Decimal Classification     Non-fiction Central Library, University of Rajshahi Central Library, University of Rajshahi   25/11/1975 Johnathan wren & co 725.00   320.82 ECC 1963 27/07/2016 C-8 Books
  Dewey Decimal Classification     Non-fiction Central Library, University of Rajshahi Central Library, University of Rajshahi   25/11/1975 Johnathan wren & co 725.00   320.82 ECC 1963 27/07/2016 C-9 Books
  Dewey Decimal Classification     Non-fiction Central Library, University of Rajshahi Central Library, University of Rajshahi   25/11/1975 Johnathan wren & co 725.00   320.82 ECC 1963 27/07/2016 C-10 Books